Обработка и визуализация данных с ультразвуковых термоанемометров; Молодежь и современные информационные технологии; Т. 1

Bibliografiske detaljer
Parent link:Молодежь и современные информационные технологии: сборник трудов XIV Международной научно-практической конференции студентов, аспирантов и молодых ученых, г. Томск, 7-11 ноября 2016 г./ Национальный исследовательский Томский политехнический университет (ТПУ), Институт кибернетики (ИК) ; под ред. В. С. Аврамчук [и др.].— , 2016
Т. 1.— 2016.— [С. 65-67]
Hovedforfatter: Лебедев А. В.
Institution som forfatter: Национальный исследовательский Томский политехнический университет (ТПУ) Институт кибернетики (ИК)
Andre forfattere: Литневский С. Е., Ботыгин И. А. Игорь Александрович
Summary:Заглавие с титульного экрана
Sprog:russisk
Udgivet: 2016
Serier:Микропроцессорные системы, компьютерные сети и телекоммуникации
Fag:
Online adgang:http://earchive.tpu.ru/handle/11683/36950
Format: MixedMaterials Electronisk Book Chapter
KOHA link:https://koha.lib.tpu.ru/cgi-bin/koha/opac-detail.pl?biblionumber=622085

MARC

LEADER 00000naa2a2200000 4500
001 622085
005 20240123142507.0
035 |a (RuTPU)RU\TPU\conf\20737 
035 |a RU\TPU\conf\20736 
090 |a 622085 
100 |a 20170206d2016 k y0rusy50 ca 
101 0 |a rus 
102 |a RU 
105 |a y z 101zy 
135 |a drcn ---uucaa 
181 0 |a i  
182 0 |a b 
200 1 |a Обработка и визуализация данных с ультразвуковых термоанемометров  |f А. В. Лебедев, С. Е. Литневский, И. А. Ботыгин 
203 |a Текст  |c электронный 
225 1 |a Микропроцессорные системы, компьютерные сети и телекоммуникации 
300 |a Заглавие с титульного экрана 
320 |a [Библиогр.: с. 66-67 (6 назв.)] 
461 1 |0 (RuTPU)RU\TPU\conf\20573  |t Молодежь и современные информационные технологии  |o сборник трудов XIV Международной научно-практической конференции студентов, аспирантов и молодых ученых, г. Томск, 7-11 ноября 2016 г.  |o в 2 т.  |f Национальный исследовательский Томский политехнический университет (ТПУ), Институт кибернетики (ИК) ; под ред. В. С. Аврамчук [и др.]  |d 2016 
463 0 |0 (RuTPU)RU\TPU\conf\20574  |t Т. 1  |v [С. 65-67]  |d 2016 
610 1 |a труды учёных ТПУ 
610 1 |a электронный ресурс 
610 1 |a обработка 
610 1 |a визуализация 
610 1 |a данные 
610 1 |a термоанемометры 
610 1 |a программное обеспечение 
610 1 |a метеоданные 
700 1 |a Лебедев  |b А. В. 
701 1 |a Литневский  |b С. Е. 
701 1 |a Ботыгин  |b И. А.  |c специалист в области информатики и вычислительной техники  |c доцент Томского политехнического университета, кандидат технических наук  |f 1947-  |g Игорь Александрович  |3 (RuTPU)RU\TPU\pers\25190  |9 11270 
712 0 2 |a Национальный исследовательский Томский политехнический университет (ТПУ)  |b Институт кибернетики (ИК)  |3 (RuTPU)RU\TPU\col\18397 
801 2 |a RU  |b 63413507  |c 20181015  |g RCR 
856 4 |u http://earchive.tpu.ru/handle/11683/36950 
942 |c BK